Vector mechanics for engineers dynamics (Record no. 61259)

MARC details
000 -LEADER
fixed length control field 00525nam a2200157 a 4500
008 - FIXED-LENGTH DATA ELEMENTS--GENERAL INFORMATION
fixed length control field 120416s0000 ||||||||||||||||| || u
020 ## - INTERNATIONAL STANDARD BOOK NUMBER
International Standard Book Number 0070923833
050 ## - LIBRARY OF CONGRESS CALL NUMBER
Classification number TA 352 Bee
100 ## - MAIN ENTRY--PERSONAL NAME
Personal name Beer, Ferdinand P
245 10 - TITLE STATEMENT
Title Vector mechanics for engineers dynamics
250 ## - EDITION STATEMENT
Edition statement SI metric
260 ## - PUBLICATION, DISTRIBUTION, ETC.
Place of publication, distribution, etc. New York
Name of publisher, distributor, etc. McGraw-Hill
Date of publication, distribution, etc. 1981
300 ## - PHYSICAL DESCRIPTION
Extent xv, 974p. : ill
350 ## - PRICE (NR) (BK AM CF MU VM SE) [OBSOLETE]
Price 0.00
995 ## - RECOMMENDATION 995 [LOCAL, UNIMARC FRANCE]
-- 0.00
-- CBU-MAIN LIBRARY (Kitwe)
-- 1
-- 25.00
-- DAMAGED
-- Main Library Open Access Collection
Holdings
Withdrawn status Lost status Source of classification or shelving scheme Damaged status Not for loan Home library Current library Shelving location Date acquired Total Checkouts Full call number Barcode Date last seen Price effective from Koha item type
          CBU-MAIN LIBRARY, KITWE. CBU-MAIN LIBRARY, KITWE.   11/30/2022   TA 352 Bee 014108 11/30/2022 11/30/2022 MONOGRAPH